ბათუმის შოთა რუსთაველის სახელმწიფო უნივერსიტეტის ბიბლიოთეკა

მონოლითური რკინაბეტონის გადახურვები ფოლადის პროფილირებული ფენელით / (ბიბ.ჩანაწერი № 38411)

000 -ლიდერი
ფიქსირებული სიგრძის საკონტროლო ველი 01146nam a2200229Ia 4500
001 - საკონტროლო ნომერი
საკონტროლო ველი 4422
003 - საკონტროლო ნომრის იდენტიფიკატორი
საკონტროლო ველი GE_BSU
005 - ბოლო ოპერაციის თარიღი და დრო
საკონტროლო ველი 20190514204155.0
008 - ფიქსირებული სიგრძის მონაცემთა ელემენტები - ზოგადი ინფორმაცია
ფიქსირებული სიგრძის საკონტროლო ველი 181216s2008||||ge |||||||||||||| ||ge ||
020 ## - წიგნის საერთაშორისო სტანდარტული ნომერი
International Standard Book Number 9789941122125
040 ## - კატალოგიზაციის წყარო
Transcribing agency GE_BSU
041 ## - ენის კოდი
Language code of text/sound track or separate title geo
080 ## - უნივერსალური ათობითი კლასიფიკაციის ინდექსი
Universal Decimal Classification number 624.3(075.8) ბ–33
100 ## - მთავარი ჩანაწერი - პიროვნების სახელი
Personal name ბაღათურია, ფრიდონ
9 (RLIN) 1163
245 ## - ცნობა სათაურის შესახებ
Title მონოლითური რკინაბეტონის გადახურვები ფოლადის პროფილირებული ფენელით /
Statement of responsibility, etc ფრიდონ ბაღათურია ; გ . უნგიაძე
264 ## - წარმოების, გამოცემის, დისტრიბუციის და სხვა ცნობები
გამოცემის, წარმოების, დისტრიბუციის... ადგილი ბათუმი :
გამოცემის, წარმოების, დისტრიბუციის... სახელწოდება უნივერსალი,
გამოცემის, წარმოების, დისტრიბუციის... თარიღი 2008.
300 ## - ფიზიკური აღწერა
Extent 78 გვ . ;
Other physical details 28 ნახ; 7ცხრ.
Dimensions 20 სმ.
653 ## - INDEX TERM--UNCONTROLLED
Uncontrolled term მონოლითური რკინაბეტონის გადახურვები ფოლადის პროფილირებული ფენელით
653 ## - INDEX TERM--UNCONTROLLED
Uncontrolled term რკინაბეტონის გადახურვები
700 ## - ADDED ENTRY--PERSONAL NAME
Personal name უნგიაძე, უ
9 (RLIN) 1164
942 ## - ADDED ENTRY ELEMENTS (KOHA)
Koha item type წიგნი
Source of classification or shelving scheme
ეგზემპლარები
ჩამოწერის სტატუსი დაკარგული ეგზემპლარის სტატუსი კლასიფიკაციის წყარო ან თაროზე გაწყობის სქემა დაზიანების სტატუსი არ გაიცემა მუდმივი მდებარეობა (დაცვის ადგილი) ამჟამინდელი ადგილსამყოფელი თაროზე განთავსების ადგილი შეძენის თარიღი სრული შენახვის შიფრი შტრიხკოდი ბოლო ოპერაციის თარიღი ეგზემპლარის მიმდევრობითი ნომერი (კეტერი?) ფასის ძალაში შესვლის თარიღი ეგზემპლარის სახეობა
          ტექნოლოგიური ფაკულტეტის ბიბლიოთეკა ტექნოლოგიური ფაკულტეტის ბიბლიოთეკა წიგნსაცავი 2018-12-17 624.3(075.8) ბ–33 8543 2018-12-17 8543 2018-12-17 წიგნი
          ტექნოლოგიური ფაკულტეტის ბიბლიოთეკა ტექნოლოგიური ფაკულტეტის ბიბლიოთეკა წიგნსაცავი 2018-12-17 624.3(075.8) ბ–33 8544 2018-12-17 8544 2018-12-17 წიგნი
          ტექნოლოგიური ფაკულტეტის ბიბლიოთეკა ტექნოლოგიური ფაკულტეტის ბიბლიოთეკა წიგნსაცავი 2018-12-17 624.3(075.8) ბ–33 8545 2018-12-17 8545 2018-12-17 წიგნი
          ტექნოლოგიური ფაკულტეტის ბიბლიოთეკა ტექნოლოგიური ფაკულტეტის ბიბლიოთეკა წიგნსაცავი 2018-12-17 624.3(075.8) ბ–33 8546 2018-12-17 8546 2018-12-17 წიგნი
          ტექნოლოგიური ფაკულტეტის ბიბლიოთეკა ტექნოლოგიური ფაკულტეტის ბიბლიოთეკა წიგნსაცავი 2018-12-17 624.3(075.8) ბ–33 48206 2018-12-17 48206 2018-12-17 წიგნი